[Event "Online Olym Div3 A"]
[Site "Chess.com INT"]
[Date "2021.08.29"]
[Round "7.1"]
[White "Hamal, Manish"]
[Black "Nadan, Avinesh"]
[Result "1-0"]
[WhiteElo "2006"]
[BlackElo "1609"]
[PlyCount "95"]
[EventDate "2021.08.27"]
[EventType "team-tourn (rapid)"]
[EventRounds "9"]
[EventCountry "USA"]
[SourceTitle "CBM 204 Extra"]
[Source "ChessBase"]
[SourceDate "2021.11.30"]
[SourceVersion "1"]
[SourceVersionDate "2021.11.30"]
[SourceQuality "1"]
[WhiteTeam "Nepal"]
[BlackTeam "Fiji"]
[WhiteTeamCountry "NEP"]
[BlackTeamCountry "FIJ"]

1. d4 d5 2. Nf3 Nf6 3. c4 e6 4. g3 Bb4+ 5. Bd2 Bxd2+ 6. Nbxd2 c6 7. Bg2 Nbd7 8. 0-0 0-0 9. Qc2 b6 10. Rfd1 Bb7 11. e4 Rc8 12. e5 Ng4 13. Rac1 c5 14. h3 Nh6 15. dxc5 Rxc5 16. Qa4 a6 17. cxd5 Rxc1 18. Rxc1 Nc5 19. Qc2 Bxd5 20. b4 Nd7 21. Qa4 Nb8 22. a3 Nf5 23. Qc2 b5 24. Nb3 Nc6 25. Rd1 Qb6 26. g4 Ng3 27. Nc5 Bxf3 28. Bxf3 Nxe5 29. Bg2 Nc4 30. Rd3 Nf5 31. gxf5 Rc8 32. fxe6 fxe6 33. Rd7 Ne5 34. Rd4 Nc6 35. Rd6 Nxb4 36. Rxb6 Nxc2 37. Nxe6 Nxa3 38. Rxa6 b4 39. Ra7 g6 40. Rb7 Nc2 41. Nc7 Kh8 42. Nd5 Rc4 43. Nf6 Rh4 44. Kh2 Nd4 45. Ng4 b3 46. Be4 h5 47. Nf6 Rf4 48. Rh7# 1-0

[Event "Online Olym Div4 A"]
[Site "Chess.com INT"]
[Date "2021.08.22"]
[Round "9.1"]
[White "Amer, Karim"]
[Black "Hamal, Manish"]
[Result "1-0"]
[WhiteElo "2235"]
[BlackElo "2006"]
[PlyCount "77"]
[EventDate "2021.08.20"]
[EventType "team (rapid)"]
[EventRounds "11"]
[EventCountry "USA"]
[SourceTitle "CBM 203 Extra"]
[Source "ChessBase"]
[SourceDate "2021.09.30"]
[SourceVersion "1"]
[SourceVersionDate "2021.09.30"]
[SourceQuality "1"]
[WhiteTeam "Pakistan"]
[BlackTeam "Nepal"]
[WhiteTeamCountry "PAK"]
[BlackTeamCountry "NEP"]

1. d4 Nf6 2. c4 d6 3. Nc3 g6 4. e4 Bg7 5. Nf3 Nc6 6. Be2 0-0 7. Be3 e5 8. d5 Ne7 9. Nd2 Nd7 10. 0-0 f5 11. f3 f4 12. Bf2 Rf7 13. b4 Bf8 14. c5 g5 15. Nc4 Ng6 16. cxd6 cxd6 17. Nb5 Nf6 18. Nxa7 Bd7 19. Nb6 Be8 20. Nxa8 Qxa8 21. Rc1 Bd7 22. Bb5 Qd8 23. Bxd7 Qxd7 24. Qc2 g4 25. Qc8 g3 26. hxg3 fxg3 27. Bxg3 Qe7 28. Qe6 Qd8 29. Rc8 Qb6+ 30. Bf2 Qxb4 31. Rc7 Be7 32. Nc8 Kg7 33. Nxe7 Nxe7 34. Rxe7 Rxe7 35. Qxe7+ Kg6 36. Bh4 Ng8 37. Qe6+ Kh5 38. Qg4+ Kh6 39. Qg5# 1-0

[Event "Online Olym Div4 A"]
[Site "Chess.com INT"]
[Date "2021.08.22"]
[Round "8.6"]
[White "Hamal, Manish"]
[Black "Muhammed, Shuaau"]
[Result "1-0"]
[WhiteElo "2006"]
[BlackElo "1925"]
[PlyCount "121"]
[EventDate "2021.08.20"]
[EventType "team (rapid)"]
[EventRounds "11"]
[EventCountry "USA"]
[SourceTitle "CBM 203 Extra"]
[Source "ChessBase"]
[SourceDate "2021.09.30"]
[SourceVersion "1"]
[SourceVersionDate "2021.09.30"]
[SourceQuality "1"]
[WhiteTeam "Nepal"]
[BlackTeam "Maldives"]
[WhiteTeamCountry "NEP"]
[BlackTeamCountry "MDV"]

1. d4 d5 2. Nf3 Nf6 3. g3 e6 4. Bg2 b5 5. 0-0 Bb7 6. Ne5 Qc8 7. f4 Nbd7 8. Nd2 Be7 9. c3 0-0 10. Ndf3 Ne4 11. Be3 f6 12. Nd3 c5 13. a3 c4 14. Nf2 Nxf2 15. Bxf2 Bd6 16. Bh3 Qe8 17. Qd2 a5 18. Rfe1 Qe7 19. Nh4 f5 20. Nf3 b4 21. axb4 axb4 22. Ne5 b3 23. g4 Bxe5 24. fxe5 fxg4 25. Bxg4 Qf7 26. Bg3 Qg6 27. Bh3 Rxa1 28. Rxa1 Ra8 29. Rf1 Rf8 30. Ra1 Ra8 31. Rf1 Nf8 32. Kh1 Qe8 33. Rg1 Ng6 34. Bg4 Qd7 35. h4 Ne7 36. Bf4 Kh8 37. Bg5 Nf5 38. h5 Rf8 39. Kh2 Bc6 40. Rf1 Kg8 41. h6 g6 42. Bf6 Qc7 43. Qf4 Bd7 44. e3 Qa7 45. Rg1 Qa2 46. Rg2 Qb1 47. Bxf5 Qxf5 48. Qxf5 exf5 49. Rg1 Ra8 50. Be7 Ra2 51. Ba3 Kf7 52. Kg3 f4+ 53. Kxf4 Bf5 54. Kg5 Rxa3 55. bxa3 b2 56. a4 Ke6 57. a5 Kd7 58. Kf6 b1Q 59. Rxb1 Bxb1 60. e6+ Ke8 61. a6 1-0

[Event "Hetauda Metropolitan-ch U21"]
[Site "Hetauda"]
[Date "2021.03.25"]
[Round "3"]
[White "Subedi, Rajan"]
[Black "Hamal, Manish"]
[Result "0-1"]
[WhiteElo "1914"]
[BlackElo "2021"]
[PlyCount "67"]
[EventDate "2021.03.24"]
[EventType "swiss"]
[EventRounds "7"]
[EventCountry "NEP"]
[SourceTitle "EXT 2022"]
[Source "ChessBase"]
[SourceDate "2021.10.06"]
[SourceVersion "1"]
[SourceVersionDate "2021.10.06"]
[SourceQuality "1"]

1. e4 e6 2. d4 d5 3. Nd2 Nf6 4. Bd3 c5 5. e5 Nfd7 6. c3 Nc6 7. Ne2 cxd4 8. cxd4 f6 9. exf6 Nxf6 10. 0-0 Bd6 11. Nf3 Qc7 12. Bg5 0-0 13. Bh4 Nh5 14. Bg3 Nxg3 15. hxg3 g6 16. Rc1 Qb6 17. Qd2 Bd7 18. Qh6 Rf7 19. b3 Raf8 20. Ng5 Rg7 21. Rcd1 e5 22. Nxh7 e4 23. Nxf8 Bxf8 24. Bb1 Ne7 25. Nc3 Nf5 26. Qf4 Bc6 27. Qe5 Qa5 28. Rc1 Re7 29. Qf6 Bg7 30. Qxg6 Nxd4 31. Rfd1 Kf8 32. Qg4 Bh6 33. Rxd4 Bxc1 34. b4 0-1

[Event "Liwali Bhaktapur Cup"]
[Site "Liwali"]
[Date "2021.03.13"]
[Round "1.4"]
[White "Bhandari, Hem"]
[Black "Hamal, Manish"]
[Result "0-1"]
[WhiteElo "1479"]
[BlackElo "2021"]
[PlyCount "132"]
[EventDate "2021.03.13"]
[EventType "team-swiss"]
[EventRounds "7"]
[EventCountry "NEP"]
[SourceTitle "EXT 2022"]
[Source "ChessBase"]
[SourceDate "2021.10.06"]
[SourceVersion "1"]
[SourceVersionDate "2021.10.06"]
[SourceQuality "1"]
[WhiteTeam "Suryabinayak Municipality"]
[BlackTeam "Bhimeshwor Municipality"]
[WhiteTeamCountry "NEP"]
[BlackTeamCountry "NEP"]

1. e4 c5 2. Nc3 Nc6 3. Nf3 d6 4. d4 cxd4 5. Nxd4 Nf6 6. Nxc6 bxc6 7. b3 Qa5 8. Bb2 Nxe4 9. Qd4 Nf6 10. b4 Qb6 11. Qxb6 axb6 12. Bd3 e5 13. 0-0 Be7 14. f4 exf4 15. Rxf4 0-0 16. Re1 Ra7 17. a3 d5 18. Rff1 Be6 19. Ne2 c5 20. Nf4 cxb4 21. Nxe6 fxe6 22. axb4 Kf7 23. g4 h6 24. h4 Bxb4 25. Re2 Ke7 26. Bf5 Ne4 27. Bxe4 Bc5+ 28. Kg2 Rxf1 29. Kxf1 dxe4 30. Rxe4 Kf7 31. Rf4+ Kg8 32. Rc4 Rf7+ 33. Ke2 Rf2+ 34. Ke1 Rg2 35. h5 Rg3 36. Kd2 Rf3 37. Ke2 Rg3 38. Ke1 Rg1+ 39. Ke2 Rb1 40. Bc3 Rg1 41. Re4 Rg3 42. Bb2 Rg1 43. Rc4 Kh7 44. Re4 g6 45. hxg6+ Kxg6 46. Rf4 Kg5 47. Re4 Rxg4 48. Rxe6 Rg2+ 49. Kd3 h5 50. Re8 Rg3+ 51. Ke2 h4 52. Rg8+ Kf5 53. Rxg3 hxg3 54. Kf3 Bf2 55. Bg7 b5 56. Bf8 Ke5 57. Bg7+ Kd5 58. c3 Kc4 59. Be5 Kd3 60. Bg7 Be1 61. Be5 Bxc3 62. Bxg3 b4 63. Bd6 b3 64. Bf4 Kc2 65. Ke2 Bd2 66. Bxd2 b2 0-1

[Event "Asian Cities-chT"]
[Site "Dhaka"]
[Date "2019.07.13"]
[Round "4.2"]
[White "Hamal, Manish"]
[Black "Mehdi, Hasan Parag"]
[Result "1/2-1/2"]
[WhiteElo "2079"]
[BlackElo "2204"]
[PlyCount "113"]
[EventDate "2019.07.10"]
[EventType "team-swiss"]
[EventRounds "9"]
[EventCountry "BAN"]
[SourceTitle "EXT 2020"]
[Source "ChessBase"]
[SourceDate "2019.10.17"]
[SourceVersion "1"]
[SourceVersionDate "2019.10.17"]
[SourceQuality "1"]
[WhiteTeam "Lalithpur"]
[BlackTeam "Chattagram City"]
[WhiteTeamCountry "NEP"]
[BlackTeamCountry "BAN"]

1. e4 c6 2. d4 d5 3. Nc3 dxe4 4. Nxe4 Bf5 5. Ng3 Bg6 6. Nf3 e6 7. h4 h6 8. Ne5 Bh7 9. Bc4 Nf6 10. Qe2 Nd5 11. Bb3 Nd7 12. f4 Nxe5 13. fxe5 Bb4+ 14. Bd2 Bxd2+ 15. Qxd2 b5 16. c3 0-0 17. Bc2 Bxc2 18. Qxc2 f6 19. Qe4 f5 20. Qd3 Qa5 21. Nh5 Rf7 22. 0-0 Qd8 23. Nf4 Nxf4 24. Rxf4 Qd5 25. Qf3 g6 26. a4 g5 27. Qxd5 cxd5 28. hxg5 hxg5 29. Rf3 g4 30. Rg3 Rb8 31. axb5 Rxb5 32. b4 a5 33. Rxa5 Rxa5 34. bxa5 Ra7 35. c4 dxc4 36. Ra3 Kf7 37. g3 Ke7 38. Rc3 Rxa5 39. Rxc4 Kd7 40. Kf2 Ra2+ 41. Kf1 Rb2 42. Kg1 Rb6 43. Kf2 Ra6 44. Ke3 Ra3+ 45. Kf2 Rd3 46. Kg2 Rd2+ 47. Kf1 Kd8 48. Kg1 Ke7 49. Rc7+ Kd8 50. Rc4 Ke8 51. Rc6 Kf7 52. Rd6 Ke7 53. Kf1 Rd3 54. Kf2 Rf3+ 55. Kg2 Rd3 56. Kf2 Rf3+ 57. Kg2 1/2-1/2

[Event "Asian Cities-chT"]
[Site "Dhaka"]
[Date "2019.07.12"]
[Round "3.4"]
[White "Hamal, Manish"]
[Black "Liu, Yeh Yang"]
[Result "1/2-1/2"]
[WhiteElo "2079"]
[BlackElo "1955"]
[PlyCount "112"]
[EventDate "2019.07.10"]
[EventType "team-swiss"]
[EventRounds "9"]
[EventCountry "BAN"]
[SourceTitle "EXT 2020"]
[Source "ChessBase"]
[SourceDate "2019.10.17"]
[SourceVersion "1"]
[SourceVersionDate "2019.10.17"]
[SourceQuality "1"]
[WhiteTeam "Lalithpur"]
[BlackTeam "Chinese Taipei"]
[WhiteTeamCountry "NEP"]
[BlackTeamCountry "TPE"]

1. d4 Nf6 2. Nf3 d5 3. c4 c6 4. g3 e6 5. Qc2 Nbd7 6. Bg2 Bd6 7. 0-0 0-0 8. Nbd2 Re8 9. e4 dxe4 10. Nxe4 Nxe4 11. Qxe4 e5 12. dxe5 Nxe5 13. Ng5 Ng6 14. Qf3 Qc7 15. Qh5 h6 16. Ne4 Be5 17. Rb1 Ne7 18. Be3 Nf5 19. b3 Nxe3 20. fxe3 Be6 21. Nc5 Bd6 22. Nxe6 Rxe6 23. e4 Re5 24. Qg4 Bc5+ 25. Kh1 Bd4 26. Rf5 Rae8 27. Rbf1 R8e7 28. Rxe5 Rxe5 29. Qd1 c5 30. Qd2 Qe7 31. Qf4 a6 32. a4 Qe8 33. h4 Re7 34. e5 Bxe5 35. Qf3 b5 36. axb5 axb5 37. cxb5 Qxb5 38. Re1 Qe8 39. Bf1 Qd7 40. Kg2 Qd2+ 41. Re2 Qd6 42. Re4 Re6 43. Bc4 Rf6 44. Qd3 h5 45. Qxd6 Bxd6 46. Be2 g6 47. Bc4 Kg7 48. Re3 Rf5 49. Rf3 Rxf3 50. Kxf3 f6 51. Be6 g5 52. hxg5 fxg5 53. Bd7 Kf6 54. Be8 g4+ 55. Kg2 Kg5 56. Bf7 h4 1/2-1/2

[Event "Asian Cities-chT"]
[Site "Dhaka"]
[Date "2019.07.10"]
[Round "1.6"]
[White "Hamal, Manish"]
[Black "Farman, Aziz"]
[Result "1-0"]
[WhiteElo "2079"]
[BlackElo "1714"]
[PlyCount "111"]
[EventDate "2019.07.10"]
[EventType "team-swiss"]
[EventRounds "9"]
[EventCountry "BAN"]
[SourceTitle "EXT 2020"]
[Source "ChessBase"]
[SourceDate "2019.10.17"]
[SourceVersion "1"]
[SourceVersionDate "2019.10.17"]
[SourceQuality "1"]
[WhiteTeam "Lalithpur"]
[BlackTeam "Pakpattan City"]
[WhiteTeamCountry "NEP"]
[BlackTeamCountry "PAK"]

1. d4 d5 2. Nf3 Nf6 3. c4 e6 4. g3 b6 5. Bg2 Bb7 6. Ne5 Nbd7 7. Qa4 Be7 8. Nc6 Bxc6 9. Qxc6 0-0 10. Nc3 Rc8 11. cxd5 exd5 12. Nxd5 Nxd5 13. Qxd5 Bb4+ 14. Kf1 Qe7 15. Bg5 Nf6 16. Qf5 Rfe8 17. Bf3 Qe6 18. Qxe6 Rxe6 19. Rc1 Bd6 20. d5 Ree8 21. Bxf6 gxf6 22. Kg2 Kg7 23. Rc4 f5 24. Rhc1 Re7 25. b4 b5 26. Rc6 Ra8 27. Ra6 Kf8 28. a3 Ke8 29. e3 Kd8 30. Ra5 f6 31. Rxb5 Kc8 32. Rc6 Rb8 33. Ra5 Rb7 34. Rca6 Kb8 35. Be2 f4 36. gxf4 Bxf4 37. Bb5 Rb6 38. exf4 Re4 39. Kf3 Rd4 40. Bc6 Rxa6 41. Rxa6 f5 42. Ra5 h5 43. h4 Rd3+ 44. Kg2 Rc3 45. a4 Rc4 46. Rb5+ Kc8 47. Kg3 Rc3+ 48. f3 Rc4 49. Rb7 Kd8 50. Rxa7 Rxb4 51. a5 Rb1 52. a6 Ra1 53. d6 cxd6 54. Rd7+ Kc8 55. a7 Rg1+ 56. Kf2 1-0

[Event "Kathmandu op"]
[Site "Kathmandu"]
[Date "2018.04.15"]
[Round "6"]
[White "Hamal, Manish"]
[Black "Volkov, Sergey"]
[Result "0-1"]
[WhiteElo "2058"]
[BlackElo "2598"]
[PlyCount "93"]
[EventDate "2018.04.13"]
[EventType "swiss"]
[EventRounds "9"]
[EventCountry "NEP"]
[SourceTitle "CBM 183 Extra"]
[Source "ChessBase"]
[SourceDate "2018.04.19"]
[SourceVersion "1"]
[SourceVersionDate "2018.04.19"]
[SourceQuality "1"]

1. d4 d5 2. Nf3 c5 3. c3 Nf6 4. Bf4 Nc6 5. e3 Qb6 6. Qb3 c4 7. Qxb6 axb6 8. Nbd2 b5 9. Ne5 b4 10. Nxc6 bxc6 11. e4 e6 12. Be2 bxc3 13. bxc3 Ba3 14. Rb1 0-0 15. 0-0 Ba6 16. Rb6 Rfc8 17. f3 Nd7 18. Rbb1 Bb5 19. exd5 exd5 20. Bd1 Nb6 21. Re1 f6 22. Nf1 Kf7 23. Ng3 g6 24. h4 Ra7 25. Re2 Rca8 26. Kf2 Bf8 27. a4 Nxa4 28. Bxa4 Rxa4 29. h5 Ra1 30. hxg6+ hxg6 31. Ree1 Rxb1 32. Rxb1 Ra2+ 33. Ne2 Ke6 34. g4 Be7 35. Ke3 Bd8 36. Bg3 Kd7 37. Rh1 g5 38. Rh7+ Be7 39. Bc7 Kxc7 40. Rxe7+ Kd6 41. Rf7 Ke6 42. Rh7 Ba4 43. Ra7 Bb3 44. Rc7 Bd1 45. Ng3 Rc2 46. Rxc6+ Kf7 47. Rc7+ 0-1

[Event "Kathmandu op"]
[Site "Kathmandu"]
[Date "2018.04.14"]
[Round "3"]
[White "Gusain, Himal"]
[Black "Hamal, Manish"]
[Result "1-0"]
[WhiteElo "2413"]
[BlackElo "2058"]
[PlyCount "73"]
[EventDate "2018.04.13"]
[EventType "swiss"]
[EventRounds "9"]
[EventCountry "NEP"]
[SourceTitle "CBM 183 Extra"]
[Source "ChessBase"]
[SourceDate "2018.04.19"]
[SourceVersion "1"]
[SourceVersionDate "2018.04.19"]
[SourceQuality "1"]

1. e4 e6 2. d4 d5 3. Bd3 Nf6 4. e5 Nfd7 5. c3 c5 6. Ne2 Nc6 7. Nd2 cxd4 8. cxd4 Qb6 9. Nf3 Bb4+ 10. Bd2 Be7 11. Bc3 0-0 12. 0-0 f6 13. exf6 Nxf6 14. Ng3 Bd7 15. Re1 Rae8 16. a3 Bd6 17. Qc2 Re7 18. Re2 g6 19. Qd2 Qc7 20. Ne5 Bxe5 21. dxe5 Ne8 22. b4 a6 23. a4 Rg7 24. b5 axb5 25. axb5 Ne7 26. Bd4 Nf5 27. Nxf5 gxf5 28. f4 Rg4 29. Qe3 Kf7 30. Rc2 Qb8 31. Be2 Rh4 32. Ba7 Qd8 33. Bb6 Qb8 34. Qg3 Rh6 35. Qg5 Rg6 36. Bh5 Bxb5 37. Qh6 1-0

[Event "Kathmandu op"]
[Site "Kathmandu"]
[Date "2018.04.14"]
[Round "4"]
[White "Hamal, Manish"]
[Black "Sharma, Bhagawati Prasad"]
[Result "1-0"]
[WhiteElo "2058"]
[BlackElo "1829"]
[PlyCount "45"]
[EventDate "2018.04.13"]
[EventType "swiss"]
[EventRounds "9"]
[EventCountry "NEP"]
[SourceTitle "CBM 183 Extra"]
[Source "ChessBase"]
[SourceDate "2018.04.19"]
[SourceVersion "1"]
[SourceVersionDate "2018.04.19"]
[SourceQuality "1"]

1. e4 c5 2. Nf3 e6 3. d4 cxd4 4. c3 dxc3 5. Nxc3 a6 6. Bc4 Ne7 7. 0-0 Ng6 8. Qe2 Be7 9. Re1 Qc7 10. Be3 0-0 11. Rac1 b5 12. Bb3 Bb7 13. a3 Nc6 14. g3 Rac8 15. h4 Rfe8 16. Ng5 Bxg5 17. Bxg5 f6 18. Be3 Na5 19. Bc2 Nc4 20. h5 Nxe3 21. Qxe3 Ne5 22. Rcd1 Red8 23. Qe2 1-0

[Event "Titled Tuesday intern op 2nd Aug"]
[Site "Chess.com INT"]
[Date "2016.08.02"]
[Round "2"]
[White "Hamal, Manish"]
[Black "Costa, Paulo Cesar"]
[Result "0-1"]
[WhiteElo "2052"]
[BlackElo "1974"]
[PlyCount "70"]
[EventDate "2016.08.02"]
[EventType "swiss (blitz)"]
[EventRounds "9"]
[EventCountry "USA"]
[SourceTitle "EXT 2021"]
[Source "ChessBase"]
[SourceDate "2020.10.23"]
[SourceVersion "1"]
[SourceVersionDate "2020.10.23"]
[SourceQuality "1"]

1. e4 e6 2. d4 d5 3. e5 c5 4. c3 Qb6 5. Nf3 Bd7 6. Bd3 Bb5 7. dxc5 Bxc5 8. 0-0 Bxd3 9. Qxd3 Qa6 10. Qd1 Nc6 11. a4 Bf8 12. Be3 b6 13. Na3 Bxa3 14. Rxa3 Na5 15. Nd2 Nc4 16. Nxc4 Qxc4 17. Bd4 Ne7 18. Qg4 0-0 19. b3 Qc7 20. h4 Nf5 21. h5 h6 22. Qf3 Rac8 23. b4 Qc4 24. Rd1 Rc7 25. g4 Nxd4 26. Rxd4 Qc6 27. g5 hxg5 28. h6 gxh6 29. Qh5 Kg7 30. c4 f5 31. Rh3 Rh8 32. c5 bxc5 33. Rdd3 Qxa4 34. Rdg3 Qe8 35. Qd1 cxb4 0-1

[Event "Titled Tuesday intern op 2nd Aug"]
[Site "Chess.com INT"]
[Date "2016.08.02"]
[Round "6"]
[White "Hamal, Manish"]
[Black "Nikolova, Adriana"]
[Result "0-1"]
[WhiteElo "2052"]
[BlackElo "2358"]
[PlyCount "82"]
[EventDate "2016.08.02"]
[EventType "swiss (blitz)"]
[EventRounds "9"]
[EventCountry "USA"]
[SourceTitle "EXT 2021"]
[Source "ChessBase"]
[SourceDate "2020.10.23"]
[SourceVersion "1"]
[SourceVersionDate "2020.10.23"]
[SourceQuality "1"]

1. e4 d5 2. exd5 Qxd5 3. d4 Qd8 4. Nf3 Nf6 5. Bc4 a6 6. 0-0 e6 7. Re1 Be7 8. Ne5 b5 9. Bd3 Bb7 10. c3 Nbd7 11. Bf4 0-0 12. Nd2 c5 13. Ndf3 cxd4 14. cxd4 Rc8 15. Rc1 Rxc1 16. Qxc1 Nb6 17. Bb1 Nbd5 18. Bg5 Qc8 19. Qd2 Bb4 20. Qd3 Bxe1 21. Nxe1 g6 22. h4 Nd7 23. h5 Nxe5 24. dxe5 Qc4 25. Qd1 Rc8 26. Qf3 Qd4 27. Bf6 Rc1 28. Kh2 Qf4+ 29. Qxf4 Nxf4 30. Nd3 Rxb1 31. Nxf4 Rxb2 32. h6 Rxf2 33. Kg3 Rxa2 34. Bg7 Ra3+ 35. Kf2 Ra4 36. Ne2 f5 37. Ke3 Kf7 38. Nd4 Bd5 39. Nf3 Bxf3 40. gxf3 b4 41. f4 b3 0-1

[Event "Olympiad-41"]
[Site "Tromsoe"]
[Date "2014.08.08"]
[Round "6.1"]
[White "Hamal, Manish"]
[Black "Larrea, Manuel"]
[Result "0-1"]
[WhiteElo "2068"]
[BlackElo "2333"]
[PlyCount "54"]
[EventDate "2014.08.02"]
[EventType "team-swiss"]
[EventRounds "11"]
[EventCountry "NOR"]
[SourceTitle "CBM 162"]
[Source "ChessBase"]
[SourceDate "2014.09.17"]
[SourceVersion "1"]
[SourceVersionDate "2014.09.17"]
[SourceQuality "1"]
[WhiteTeam "Nepal"]
[BlackTeam "Uruguay"]
[WhiteTeamCountry "NEP"]
[BlackTeamCountry "URU"]

1. e4 c5 2. Nf3 Nc6 3. d4 cxd4 4. c3 d5 5. exd5 Qxd5 6. cxd4 e5 7. Nc3 Bb4 8. Bd2 Bxc3 9. bxc3 e4 10. c4 Qf5 11. d5 exf3 12. dxc6 Qe4+ 13. Be2 fxe2 14. Qxe2 Qxe2+ 15. Kxe2 bxc6 16. Bc3 Nf6 17. Bb4 Be6 18. Rac1 0-0-0 19. Bc5 Rhe8 20. f3 Bxc4+ 21. Kf2 Re2+ 22. Kg3 Be6 23. Bxa7 g5 24. h3 Rdd2 25. Rhg1 Nh5+ 26. Kh2 Nf4 27. a4 Bxh3 0-1

[Event "Olympiad-41"]
[Site "Tromsoe"]
[Date "2014.08.06"]
[Round "5.1"]
[White "Harper, Ryan"]
[Black "Hamal, Manish"]
[Result "0-1"]
[WhiteElo "2236"]
[BlackElo "2068"]
[PlyCount "160"]
[EventDate "2014.08.02"]
[EventType "team-swiss"]
[EventRounds "11"]
[EventCountry "NOR"]
[SourceTitle "CBM 162"]
[Source "ChessBase"]
[SourceDate "2014.09.17"]
[SourceVersion "1"]
[SourceVersionDate "2014.09.17"]
[SourceQuality "1"]
[WhiteTeam "Trinidad and Tobago"]
[BlackTeam "Nepal"]
[WhiteTeamCountry "TRI"]
[BlackTeamCountry "NEP"]

1. e4 e6 2. d4 d5 3. Nc3 Nf6 4. Bg5 Bb4 5. e5 h6 6. Bc1 Ne4 7. Qg4 g6 8. Nge2 c5 9. a3 Qa5 10. axb4 Qxa1 11. Nxe4 dxe4 12. bxc5 Bd7 13. Qxe4 Bc6 14. Qe3 Na6 15. f3 Nb4 16. Kf2 Qb1 17. Qd2 a5 18. c4 Nd3+ 19. Ke3 Nxc1 20. Qxc1 Qxc1+ 21. Nxc1 Ke7 22. Na2 Rhd8 23. Be2 Rab8 24. b4 axb4 25. Nxb4 Ra8 26. Rb1 Rd7 27. Rb2 f6 28. exf6+ Kxf6 29. Nc2 g5 30. Bd3 Ra4 31. Rb6 Ra8 32. Nb4 Rad8 33. Nc2 Ke7 34. Rb4 Ra8 35. Be4 Rc8 36. Rb6 Bxe4 37. fxe4 Rc6 38. Rb5 Ra6 39. d5 e5 40. Nb4 Ra3+ 41. Nd3 Kd8 42. Rb6 Rf7 43. Rb1 g4 44. Rg1 Rf4 45. Re1 Kc8 46. Kd2 Rf6 47. Kc2 h5 48. Rd1 Ra2+ 49. Kb3 Rxg2 50. Nxe5 Rff2 51. c6 bxc6 52. Nxc6 Rxh2 53. Kb4 Rd2 54. Rf1 Rhf2 55. Rh1 Rh2 56. Rf1 Rdf2 57. Ra1 Ra2 58. Rf1 Rhf2 59. Rh1 g3 60. Rxh5 g2 61. Rg5 Rf1 62. Rg8+ Kd7 63. Rg7+ Ke8 64. d6 Rd1 65. Kc5 g1Q+ 66. Rxg1 Rxg1 67. e5 Kd7 68. Nb8+ Ke6 69. Nc6 Rd1 70. Kb6 Kd7 71. Nb8+ Kc8 72. Nc6 Rb2+ 73. Kc5 Kd7 74. Ne7 Rb8 75. Nd5 Rc8+ 76. Kb4 Ke6 77. Nb6 Rb1+ 78. Ka5 Rc5+ 79. Ka6 Rxb6+ 80. Kxb6 Rxc4 0-1

[Event "Olympiad-41"]
[Site "Tromsoe"]
[Date "2014.08.05"]
[Round "4.1"]
[White "Hamal, Manish"]
[Black "Sanon, Mondoly"]
[Result "1-0"]
[WhiteElo "2068"]
[BlackElo "2012"]
[PlyCount "97"]
[EventDate "2014.08.02"]
[EventType "team-swiss"]
[EventRounds "11"]
[EventCountry "NOR"]
[SourceTitle "CBM 162"]
[Source "ChessBase"]
[SourceDate "2014.09.17"]
[SourceVersion "1"]
[SourceVersionDate "2014.09.17"]
[SourceQuality "1"]
[WhiteTeam "Nepal"]
[BlackTeam "Haiti"]
[WhiteTeamCountry "NEP"]
[BlackTeamCountry "HAI"]

1. d4 d5 2. Nf3 g6 3. g3 Bg7 4. Bg2 Nf6 5. c4 c6 6. 0-0 e6 7. Nc3 Nbd7 8. Qb3 0-0 9. Rd1 dxc4 10. Qxc4 Nb6 11. Qb3 Qe7 12. e4 Bd7 13. a4 Bc8 14. Bg5 h6 15. Bf4 Kh7 16. Rac1 Nbd7 17. Qc2 b6 18. Nd2 Bb7 19. Nc4 Ne8 20. e5 f5 21. exf6 Ndxf6 22. Ne5 Kg8 23. Nxg6 Qf7 24. Nxf8 Kxf8 25. Be5 Kg8 26. Qe2 c5 27. Bxb7 Qxb7 28. Bxf6 Nxf6 29. Qxe6+ Kh8 30. d5 Rf8 31. Nb5 Nh7 32. Nd6 Qc7 33. Ne8 Qb7 34. Nxg7 Qxg7 35. f4 Nf6 36. d6 Re8 37. Qxe8+ Nxe8 38. d7 Qe7 39. d8Q Qe3+ 40. Kg2 Qe2+ 41. Kh3 Qe6+ 42. Kh4 h5 43. Qg5 Ng7 44. Rd8+ Kh7 45. Rf8 a6 46. h3 c4 47. Rf6 Qd7 48. Rh6+ Kg8 49. Rg6 1-0

[Event "Olympiad-41"]
[Site "Tromsoe"]
[Date "2014.08.04"]
[Round "3.1"]
[White "Batchuluun, Tsegmed"]
[Black "Hamal, Manish"]
[Result "1-0"]
[WhiteElo "2513"]
[BlackElo "2068"]
[PlyCount "38"]
[EventDate "2014.08.02"]
[EventType "team-swiss"]
[EventRounds "11"]
[EventCountry "NOR"]
[SourceTitle "CBM 162"]
[Source "ChessBase"]
[SourceDate "2014.09.17"]
[SourceVersion "1"]
[SourceVersionDate "2014.09.17"]
[SourceQuality "1"]
[WhiteTeam "Mongolia"]
[BlackTeam "Nepal"]
[WhiteTeamCountry "MGL"]
[BlackTeamCountry "NEP"]

1. d4 Nf6 2. c4 e6 3. Nc3 d5 4. Bg5 Nbd7 5. e3 c6 6. Nf3 Bd6 7. Bd3 0-0 8. 0-0 dxc4 9. Bxc4 e5 10. Bxf6 gxf6 11. Nh4 exd4 12. exd4 Qa5 13. Ne4 Be7 14. Qg4+ Kh8 15. Nf5 Rg8 16. Qf4 Qb4 17. Bxf7 Rf8 18. a3 Qxb2 19. Be6 Re8 1-0

[Event "Incheon op 4th"]
[Site "Incheon"]
[Date "2013.06.30"]
[Round "1"]
[White "Megaranto, Susanto"]
[Black "Hamal, Manish"]
[Result "1-0"]
[WhiteElo "2524"]
[BlackElo "2101"]
[PlyCount "145"]
[EventDate "2013.06.30"]
[EventType "swiss"]
[EventRounds "7"]
[EventCountry "KOR"]
[SourceTitle "CBM 155 Extra"]
[Source "ChessBase"]
[SourceDate "2013.08.26"]
[SourceVersion "1"]
[SourceVersionDate "2013.08.26"]
[SourceQuality "1"]

1. Nf3 Nf6 2. d4 e6 3. c4 d5 4. Nc3 Bb4 5. e3 Ne4 6. Qc2 0-0 7. a3 Bxc3+ 8. bxc3 f5 9. Bd3 b6 10. 0-0 Ba6 11. cxd5 Bxd3 12. Qxd3 exd5 13. c4 Nd7 14. a4 Ndf6 15. Ba3 Re8 16. Rac1 Qd7 17. Qb3 Rac8 18. Rc2 dxc4 19. Qxc4+ Nd5 20. Ne5 Qe6 21. Nc6 f4 22. exf4 Nxf4 23. Qxe6+ Nxe6 24. d5 N6c5 25. f3 Nf6 26. Bxc5 bxc5 27. Rxc5 Ra8 28. Rd1 Re2 29. Nd4 Ra2 30. Ne6 Rb8 31. Rxc7 Nh5 32. Rc4 Rbb2 33. Rg4 Rd2 34. Rxd2 Rxd2 35. Rd4 Rxd4 36. Nxd4 Nf4 37. d6 Kf7 38. Nc6 Ke6 39. Nxa7 Kxd6 40. Kf2 Kc5 41. g3 Nd3+ 42. Ke2 Nb2 43. Nb5 Nxa4 44. Nc7 g6 45. Ne6+ Kd5 46. Nf8 Ke5 47. Nxh7 Nc3+ 48. Kd3 Nd5 49. Ng5 Nb4+ 50. Ke2 Nd5 51. Ne4 Kf5 52. h4 Ke5 53. Nf2 Ne7 54. f4+ Ke6 55. g4 Kf6 56. Kf3 Ke6 57. Nd3 Kf6 58. Ke4 Ke6 59. Ne5 Kf6 60. Nf3 Ke6 61. Nd4+ Kf6 62. g5+ Kf7 63. f5 gxf5+ 64. Nxf5 Nc6 65. h5 Nd8 66. Nd4 Nb7 67. Ke5 Nc5 68. g6+ Ke7 69. h6 Nd7+ 70. Kf5 Kf8 71. Ne6+ Kg8 72. h7+ Kh8 73. Ng5 1-0